000
00263nam a2200109Ia 4500
008
190216s9999||||xx |||||||||||||| ||und||
100
_a
Panikkar Km
245
0
_a
Aswadanavum Vilayiruthalum
260
_b
Nbs Kottayam
650
_a
Malayalam Criticism
942
_c
BK
999
_c
24586
_d
24586